MDQL
is popping MORE tags! Check the
thread
!
Quizzes
Events
Quiz Creation
Community
Videos
Private Events
Remove Ads
Sign In
Join for FREE
Feedback
Dark Mode
Quiz Categories
Sports
Geography
Music
Movies
Television
Just For Fun
Miscellaneous
History
Literature
Language
Science
Gaming
Entertainment
Religion
Holiday
For Kids
Quiz Lab
Recent
Popular Today
Quiz Kudos Today
Editor Picks
Curator Picks
Quizzes by...
Day
Popularity
Type
Ratings
Length
Year
Community
Subscriptions
Recent Discussions
Orange Saloon
Badges
Playlists
Quests
Create
Leaderboards
Showdown
Live 5
Trivia Bingo
Activity
Puzzle Library
Sporcle Events
Private Events
Virtual Trivia
Globe League
Become a Host
Pub Owners
SporcleCon
Opinionation
Our Games
Videos
Blog
Mobile Apps
Partnerships
Remove Ads and Go Orange
Feedback
Music
Pop Music
The Beatles
Song
Album
Lyrics
Bands
Singers
Artist
Clip
Rock
Rap
Classical
Billboard
Country Music
Kpop
Taylor Swift
Music
Pop Music
The Beatles
Song
Album
Lyrics
Bands
Singers
Artist
Clip
Rock
Rap
Classical
Billboard
Country Music
Kpop
Taylor Swift
Random Quiz
Search Sporcle
×
Quiz Lab
Quiz Lab
Music
Popular
Type in answers that appear in a list
Type in answers that appear in a list
Classic
Best Score? Go Orange.
Name the year - 90's popular songs Stats
Can you name the year - 90's popular songs?
By
stroberg1
7m
31 Questions
167 Plays
167 Plays
167 Plays
Comments
Comments
Give Quiz Kudos
Give Quiz Kudos
-
- Ratings
hide this ad
Forced Order
Answers have to be entered in order
Answers have to be entered in order
Replay
Link that replays current quiz
Next Quiz
Link to next quiz in quiz playlist
You Got
0%
They Got
Avg Score
94%
Avg Friend Score
Upgrade to see
Score Distribution
Jump to the score distribution portion of the page
Score
0/31
Timer
07:00
0
Plays Today
Song
Year
% Correct
Baby one more time
1999
98.2%
Living la vida loca
1999
97.6%
Smells Like Teen Spirit
1991
97.6%
I Want it that way
1999
97.6%
U Can't Touch this
1990
97%
MMMBop
1997
97%
Vogue
1990
97%
You Outta Know
1995
96.4%
Wannabe
1997
96.4%
I'm Too Sexy
1992
95.8%
My name is
1999
95.8%
Jump
1992
94.6%
Virtual Insanity
1997
94.6%
No Diggity
1996
94.6%
Whatta Man
1993
94.6%
Tearin up my heart
1998
94.6%
Song
Year
% Correct
Creep
1993
94.6%
Wonderwall
1995
94.6%
This is how we do it
1995
94%
Killing me softly with his song
1996
94%
Mr. Jones
1993
93.4%
California Love
1996
92.8%
You Get What You Give
1998
92.8%
Informer
1993
92.2%
I wanna sex you up
1991
92.2%
Sabotage
1994
92.2%
Jeremy
1991
92.2%
Black hole sun
1994
92.2%
Sex and Candy
1998
91%
Man in the box
1990
89.8%
Rico Suave
1991
89.2%
Quiz Playlist
Details
Report
Send in Message
Add To Playlist
Classic:
Type in answers that appear in a list
Forced Order:
Answers have to be entered in order
Last Updated: Feb 16, 2017
Quiz Scoreboard
CHALLENGE
Sign Up to Join the Scoreboard
Show All
Scores
Hide
Comments
May contain spoilers
Recently Published
Image Sorting: Flags VI
by Barbecue
Geography
2m
Find the 'City' Movie
by crazypaving
Movies
60s
Colored Red Africa Blitz
by spor1
Geography
45s
More to Explore
Quiz From the Vault
Featured Blog Post
14 Easter Pick-up Lines to Find Eggs With
hide this ad
You Might Also Like...
Tags
Artist Quiz
Popular Quiz
Song Quiz
Today's Top Quizzes in Music
Browse Music
hide this ad
Today's Top Quizzes in Popular
Browse Popular
Top Contributed Quizzes in Music
1
5X2 Blitz: Bands II
2
5X2 Blitz: The Beatles
3
Taylor Swift All Songs (2024)
4
5X2 Blitz: Billboard
5
5X2 Blitz: Billboard II
6
5X2 Blitz: Album
7
5X2 Blitz: Rock
8
5X2 Blitz: Singers
9
Taylor Swift Logic Puzzle II
10
5X2 Blitz: Lyrics
Explore More
Trending Topics
Marvel
Disney
Anime
Crossword
Kpop
Harry Potter
NBA
Song
Soccer
NFL
WWE
Pokémon
Puzzle
The Office
Country
hide this ad
More By:
stroberg1
Quiz
Plays
Rating
Category
Featured
Created
1985 Kansas City Royals
243
3.60
Sports
Jul 16, 2010
1986 Houston Astros
217
3.00
Sports
Jul 15, 2010
1986 Houston Oilers Trivia
168
2.00
Sports
Jul 8, 2010
Name the year - 90's popular songs
167
2.75
Music
Sep 14, 2010
1986 New York Giants
96
Sports
Jul 9, 2010
Go to Creator's Profile
Score Distribution
Quiz Creator Spotlight
stroberg1
Follow
Send a Message
Quizzes Created
-
Created Quiz Play Count
-
More By This Creator
Popular Quizzes Today
1
Colored Red Africa Blitz
2
Find the US States - No Outlines Minefield
3
Find the 'City' Movie
4
5x2 Blitz: Bands
5
The Countries of the World
6
Find the US States
7
Find the Countries of Europe - No Outlines Minefield
8
US States
More Music Quizzes
Billy Joel Picture Click: Piano Man
Editor's Pick
Trending Quizzes
Colored Red Europe Blitz I
Colored Red Europe Blitz II
Colored Red Africa Blitz II
Colored Red Europe Blitz III
Colored Red Africa Blitz III
Recently Updated
How Do You Spell That?
pecheneg
Godzilla Movies
pecheneg
Grab Bag: 4-10 Letters
pecheneg
2024 March Madness Bracket
pecheneg
Famous TV Couples
Peacemaker
Champions League XIs: Real Madrid
pecheneg
Largest US Cities 1790-2010
pecheneg
Rides in Walt Disney World
pecheneg
Most Oscar Losses (Acting)
pecheneg
Beyoncé Albums
pecheneg
Trending Topics
Harry Potter
Anime
Marvel
NBA
Crossword
Disney
Kpop
Soccer
NFL
Country
The Office
WWE
Pokémon
Song
Puzzle
Your Account Isn't Verified!
In order to create a playlist on Sporcle, you need to verify the email address you used during registration. Go to your
Sporcle Settings
to finish the process.
Report this User
Report this user for behavior that violates our
Community Guidelines
.
Details:
Send Report
Go to the Sporcle.com Mobile Site →
Comments